01510nam a2200337 a 4500001001000000003000500010005001700015008004100032010001100073011001100084040000900095090001000104100004200114245016800156260004100324500006000365502009800425590004000523590004000563590004000603650006600643650003500709650004000744856007000784901000700854942001000861942000600871999001900877952014000896952013601036000112237CHAP20220329144252.0160118s2015 mx a fsm |||||||spa d a108698 a109670 cCHAP aTesis1 aCruz Martínez, Gisela de la913043910aProducción de biomasa y valor nutritivo del follaje de arbóreas en un banco de proteína en Tabasco México/h[En línea]cpor Gisela de la Cruz Martínez. aChapingo, Méx. :bEl autor,c2015. aPara ver el contenido del material haga clic en la liga aTesis (Ing. Agr. Esp. en Zonas Tropicales) -- UACH. Unidad Regional Univerisitaria Sursureste aE5995AHEb05c20160118lUCH01h1249 aE5995AHEb05c20160118lUCH01h1250 aE5995AHEb05c20160118lUCH01h135714aAlimentos y alimentación del ganadoxValor nutritivo.9434714aLeguminosas forrajeras.96586814aPlantas forrajerasxTabasco.988987 aFinding aiduhttp://10.13.5.2/tesis/sist112237.pdfzTeclea aquí aBK cTESIS n0 c108698d108698 00102local4053708TESISaBCbBCcPA_TESISd2016-01-18fTESISl0oTesisp33724002515496r2019-12-31 00:00:00tc.2w2019-12-31yTESIS 00104054718TESISaBCbBCd2016-01-18fTESISl0oTesisp33724002515538r2019-12-31 00:00:00w2019-12-31yTESISzRecien adquirido